00894cam a22002658i 450000100090000000300050000900500170001400800410003101000170007202000180008904000230010704200080013005000250013808200080016310000230017124502060019425000170040026000360041726300090045330000460046249000400050850000200054865000260056865000340059418390544SISC20161116114252.0141201s2015 nyu 000 0 eng  a 2014043202 a9789814646932 aDLCbengcDLCerda apcc00aHD 30.22b.B729 201600a6581 aBrickley, James A.10aManagerial economics and organizational architecture /cJames A. Brickley, Clifford W. Smith, Jerold L. Zimmerman, William E. Simon, Graduate School of Business Administration, University of Rochester. a6th edition. aNew York :bMcGraw Hill,c2016. a1502 axxvi,739 pages :billustrations ;c26 cm.0 aThe McGraw-Hill series in economics aIncludes index. 0aManagerial economics. 0aOrganizational effectiveness.